| 000 | 00802nam a22002412a 4500 | ||
|---|---|---|---|
| 001 | 26721 | ||
| 003 | BD-RjUL | ||
| 005 | 20211209051046.0 | ||
| 008 | 140323s1971 pk c b 000 0aeng d | ||
| 035 | _a(BD-RjUL)26792 | ||
| 040 |
_aDLC _cDLC _dBD-RjUL _beng |
||
| 041 | _aeng | ||
| 082 | 0 | 0 |
_a320.954904 _bIFS 1971 |
| 100 | 1 |
_aIftikhar-ud-Din, Mian Muhammad, _d1907-1962. _982107 |
|
| 245 | 1 | 0 |
_aSelected speeches and statements [of] Mian Iftikhar-ud-Din. / _cEdited by Abdullah Malik |
| 260 |
_aLahore : _bNigarishat, _c1971. |
||
| 300 |
_axiii, [ii], 503 p. : _bport. ; _c25 cm |
||
| 500 | _aIncludes biographical sketch of the author: p. [xv] | ||
| 651 | 0 |
_aPakistan _xPolitics and government. _982108 |
|
| 700 | 1 |
_aMalik, Abdullah, _d1920-2003. _982109 |
|
| 942 |
_2ddc _cBK |
||
| 999 |
_c26721 _d26721 |
||